| 000 | 01315nam a2200325 u 4500 | ||
|---|---|---|---|
| 001 | 000002718 | ||
| 003 | DO-SdBNP | ||
| 005 | 20210930121740.0 | ||
| 008 | 090703s2003 dr d r 000 0 spa d | ||
| 020 | _a9993403792 | ||
| 040 |
_aBPMSU _bspa _cBPMSU |
||
| 049 | _a | ||
| 082 |
_a338.927 _bJ96f 2003 _222 |
||
| 100 | 1 |
_aJusto Duarte, Amaury, _d1942- |
|
| 245 | 1 | 3 |
_aLa filosofía de la crisis y el salto tecnológico : _bla sociedad dominicana y su futuro / _cAmaury Justo Duarte. |
| 260 |
_aSanto Domingo : _bBúho, _c2003 |
||
| 300 |
_a196 p. ; _c22 cm. |
||
| 490 | 0 |
_aFilosofía y sociedad _v8 |
|
| 500 | _aIncluye referencias bibliográficas y notas al pie de las páginas | ||
| 504 | _aBibliografía : p. 185- 190 | ||
| 505 | _aFilosofía de la crisis -- La base material de la crisis -- Economía, crisis y evolución política -- Los desafíos del salto tecnológico -- Bibliografía. | ||
| 590 | _6Inventariado, 2021/VM | ||
| 650 | 4 |
_aDesarrollo científico y tecnológico. _zRepública Dominicana |
|
| 651 | 4 |
_aRepública Dominicana _xCondiciones económicas |
|
| 651 | 4 |
_aRepública Dominicana _xPolítica económica |
|
| 651 | 4 |
_aRepública Dominicana _xCondiciones sociales |
|
| 651 | 4 |
_aRepública Dominicana _xPolítica y gobierno |
|
| 910 | _aVMateo V. | ||
| 942 |
_2ddc _cBK |
||
| 999 |
_c13740 _d13740 |
||